|
|
|
|
| LEADER |
00799nab a2200205 i 4500 |
| 001 |
acta30715 |
| 005 |
20231106145730.0 |
| 008 |
161017s2012 hu o 0|| hun d |
| 022 |
|
|
|a 0324-6523
|
| 040 |
|
|
|a SZTE Egyetemi Kiadványok Repozitórium
|b hun
|
| 041 |
|
|
|a hun
|
| 100 |
1 |
|
|a Fantoly Zsanett
|
| 245 |
1 |
2 |
|a A büntetőeljárást gyorsító, de alkotmányos garanciákkal fedett jogintézmények gyakorlati alkalmazhatóságáról
|h [elektronikus dokumentum] /
|c Fantoly Zsanett
|
| 260 |
|
|
|c 2012
|
| 300 |
|
|
|a 73-103
|
| 490 |
0 |
|
|a Acta Universitatis Szegediensis : forum : acta juridica et politica
|v 2 No. 1
|
| 650 |
|
4 |
|a Társadalomtudományok
|
| 650 |
|
4 |
|a Jogtudomány
|
| 695 |
|
|
|a Jogtudomány
|
| 856 |
4 |
0 |
|u http://acta.bibl.u-szeged.hu/30715/1/juridpol_forum_002_001_073-103.pdf
|z Dokumentum-elérés
|